Obálka Náhled e-knihy:
PDF
Pro půjčování e-knih musíte být přihlášeni.
Jak si půjčit online?

Tajomstvo vašej pleti /

Poznajte svoju pleť. Vyznajte sa v kozmetike. Vyberajte s istotou. Zloženie kozmetiky nie je len o lákavých reklamách a sľuboch. Je to veda, ktorá ovplyvňuje zdravie vašej pokožky. Táto kniha od kozmetickej chemičky Katky Balabánovej (známej z instagramového profilu @b_b_w_k) vás prevedie svetom sta...

Celý popis

Uloženo v:
Hlavní autor: Balabánová, Katarína (Autor)
Médium: E-kniha
Jazyk:Czech
Vydáno: Praha : Albatros Media Slovakia s.r.o., 2025
Tagy:
Žádné tagy
LEADER 01456nam a22002297i 4500
001 302673
007 ta
008 260514s2025 xr ||||| |||| 00| 0 cze d
020 |a 9788056646700 
044 |a xr 
100 1 |a  Balabánová, Katarína  |4 aut 
245 1 0 |a Tajomstvo vašej pleti /  |c  Balabánová, Katarína 
264 1 |a Praha :  |b Albatros Media Slovakia s.r.o.,  |c 2025 
300 |a 1 online zdroj (160 stran) 
336 |a text  |b txt  |2 rdacontent 
337 |a bez média  |b n  |2 rdamedia 
338 |a online zdroj  |b cr  |2 rdacarrier 
520 2 |a Poznajte svoju pleť. Vyznajte sa v kozmetike. Vyberajte s istotou. Zloženie kozmetiky nie je len o lákavých reklamách a sľuboch. Je to veda, ktorá ovplyvňuje zdravie vašej pokožky. Táto kniha od kozmetickej chemičky Katky Balabánovej (známej z instagramového profilu @b_b_w_k) vás prevedie svetom starostlivosti o pleť od základov biológie kože cez účinnosť aktívnych látok až po pohľad do zákulisia výroby produktov. Objavte vedu za starostlivosťou o pleť a starajte sa o ňu s istotou! 
910 |a RBIT002 
998 |d 426927  |a https://core.palmknihy.cz/api/books/426927/cover?tesghq  |b https://core.palmknihy.cz/api/books/426927/cover/400?tesghq  |c https://core.palmknihy.cz/api/books/426927/cover/50?tesghq  |e 2036-12-31  |g 160  |i 9788056646700  |k https://core.palmknihy.cz/api/books/426927/preview.pdf  |l   |q 49  |r 1  |s https://www.palmknihy.cz/kniha/426927  |t ebook  |y 2025  |z 1 
999 |d 302671